<?xml version="1.0" encoding="UTF-8"?>
<record
    xmlns:xsi="http://www.w3.org/2001/XMLSchema-instance"
    xsi:schemaLocation="http://www.loc.gov/MARC21/slim http://www.loc.gov/standards/marcxml/schema/MARC21slim.xsd"
    xmlns="http://www.loc.gov/MARC21/slim">

  <leader>01062cam a22002291  4500</leader>
  <controlfield tag="001">gs 31000272 </controlfield>
  <controlfield tag="003">DLC</controlfield>
  <controlfield tag="005">20260227111336.0</controlfield>
  <controlfield tag="008">780912s1929    wiuab        s000 0 eng  </controlfield>
  <datafield tag="010" ind1=" " ind2=" ">
    <subfield code="a">gs 31000272 </subfield>
  </datafield>
  <datafield tag="035" ind1=" " ind2=" ">
    <subfield code="a">(OCoLC)4218445</subfield>
  </datafield>
  <datafield tag="040" ind1=" " ind2=" ">
    <subfield code="a">DLC</subfield>
    <subfield code="c">AzU</subfield>
    <subfield code="d">DLC</subfield>
  </datafield>
  <datafield tag="042" ind1=" " ind2=" ">
    <subfield code="a">premarc</subfield>
  </datafield>
  <datafield tag="050" ind1="0" ind2="0">
    <subfield code="a">QE179</subfield>
    <subfield code="b">.A2 no. 61c</subfield>
  </datafield>
  <datafield tag="100" ind1="1" ind2=" ">
    <subfield code="a">Whitson, A. R.</subfield>
    <subfield code="q">(Andrew R.),</subfield>
    <subfield code="d">1870-1945.</subfield>
  </datafield>
  <datafield tag="245" ind1="1" ind2="0">
    <subfield code="a">Soil survey of Green Lake county,</subfield>
    <subfield code="c">by A. R. Whitson, W. J. Geib, Homer Chapman, Oscar Magistad, F. J. O'Connell, T. J. Dunnewald and Kenneth Whitson of the Wisconsin Geological and natural history survey, and A. C. Anderson, E. H. Bailey and M. J. Edwards of the United States Department of agriculture.</subfield>
  </datafield>
  <datafield tag="260" ind1=" " ind2=" ">
    <subfield code="a">[Madison]</subfield>
    <subfield code="b">The State,</subfield>
    <subfield code="c">1929</subfield>
  </datafield>
  <datafield tag="300" ind1=" " ind2=" ">
    <subfield code="a">79 p.</subfield>
    <subfield code="b">incl. illus., tables. fold. col. map.</subfield>
    <subfield code="c">23 cm.</subfield>
  </datafield>
  <datafield tag="490" ind1="0" ind2=" ">
    <subfield code="a">Wisconsin.  Geological and natural history survey.  Bulletin,</subfield>
    <subfield code="v">no. 61c.  Soil series, no. 41</subfield>
  </datafield>
  <datafield tag="500" ind1=" " ind2=" ">
    <subfield code="a">Soil survey in cooperation with the College of agriculture.</subfield>
  </datafield>
  <datafield tag="650" ind1=" " ind2="0">
    <subfield code="a">Soil surveys</subfield>
    <subfield code="z">Wisconsin</subfield>
    <subfield code="z">Green Lake County.</subfield>
  </datafield>
  <datafield tag="999" ind1=" " ind2=" ">
    <subfield code="c">26920</subfield>
    <subfield code="d">26920</subfield>
  </datafield>
</record>
